| 000 | 00705nam a2200217Ia 4500 | ||
|---|---|---|---|
| 003 | GCL | ||
| 008 | 140319s9999 xx 000 0 ara d | ||
| 040 |
_aGCL / _cGCL |
||
| 082 | 0 | 4 |
_aد _b050 _bم ا |
| 100 | 1 | _aمعهدالتنمية الادارية | |
| 245 | 1 | 0 |
_aالادارة والتنمية / _cمعهدالتنمية الادارية |
| 260 |
_a[S.N] : _bمعهد التنمية الادارية ، _c1991 |
||
| 300 | _aمتعدد | ||
| 490 |
_aالجغرافيا الاسلامية _v0 |
||
| 650 | 0 | 4 | _aالادارة |
| 650 | 0 | 4 | _aالتنمية |
| 650 | 0 | 4 | _aالمعلومات |
| 650 | 0 | 4 | _aالتنمية الادارية |
| 650 | 0 | 4 | _aالخدمة المدنية |
| 942 |
_2ddc _cCF |
||
| 999 |
_c27470 _d27470 |
||